| 000 | 01272cam a2200241 4500 | ||
|---|---|---|---|
| 001 | ABS64200 | ||
| 008 | 000000n2001 000 0 eng u | ||
| 035 | _a(Sirsi) u113347 | ||
| 100 | _aBrewer, G. | ||
| 245 | 4 | _aThe construction industry training levy | |
| 260 | _c2001 | ||
| 490 |
_aContract Journal _v409(6332) 20 June 2001, 26(1) |
||
| 520 | _aExamines the challenge to the right of the Construction Industry Training Board (CITB) to make a levy on employers in the construction industry under the Industrial Training Act 1982 s11 in "Buildstone Ltd v SoS Education and Employment". The application for judicial review was refused with the court dismissing B's contention that differential between the levies for PAYE employees and labour only sub-contractors was unlawful and discriminatory as the levy was not punitive but intended to provide fairness in the burden of training whilst s12 of the Act covered differential between employers of the two groups of workers. | ||
| 590 | _aABS | ||
| 650 | _aBUILDSTONE LTD V SOS EDUCATION AND EMPLOYMENT | ||
| 650 | _aCITB | ||
| 650 | _aCONSTRUCTION INDUSTRY | ||
| 650 | _aCONSTRUCTION INDUSTRY TRAINING BOARD | ||
| 650 | _aSUBCONTRACTORS | ||
| 650 | _aTRAINING LEVIES | ||
| 690 | _aTAXATION | ||
| 942 | _n0 | ||
| 999 |
_c67527 _d67527 |
||